| 000 | 00737nam a22002177a 4500 | ||
|---|---|---|---|
| 003 | 0 | ||
| 005 | 20240923143457.0 | ||
| 008 | 240923b xxu||||| |||| 00| 0 eng d | ||
| 020 | _a9780357798782 | ||
| 050 |
_aPN 4121 _b.V47 2024 |
||
| 100 |
_aVerderber, Rudolph F., _eauthor. |
||
| 245 |
_aThe challenge of effective speaking in a digital age / _cRudolph F. Verderber, Deanna D. Sellnow, Kathleen S. Verderber. |
||
| 250 | _a18th ed. | ||
| 260 |
_aBoston, MA : _bCengage, _c2024. |
||
| 300 |
_axx, 340 p. : _bcol. ill. ; _c28 cm. |
||
| 504 | _aIncludes bibliographical references and index. | ||
| 650 | _aPublic speaking. | ||
| 700 |
_aSellnow, Deanna D., _eauthor. |
||
| 700 |
_aVerderber, Kathleen S., _eauthor. |
||
| 942 |
_2lcc _cBK |
||
| 999 |
_c366352 _d366352 |
||